Использование природных соединений редкоментальных элементов для производства высокотемпературной керамики; Редкоземельные металлы: переработка сырья, производство соединений и материалов на их основе

Dettagli Bibliografici
Parent link:Редкоземельные металлы: переработка сырья, производство соединений и материалов на их основе.— 1995.— С. 198-200
Altri autori: Поцелуев А. А. Анатолий Алексеевич, Рихванов Л. П. Леонид Петрович, Советов В. М., Добрикова Г. В.
Lingua:russo
Pubblicazione: 1995
Soggetti:
Natura: Capitolo di libro
KOHA link:https://koha.lib.tpu.ru/cgi-bin/koha/opac-detail.pl?biblionumber=203433

MARC

LEADER 00000naa2a2200000 4500
001 203433
005 20231031185628.0
035 |a (RuTPU)RU\TPU\book\221688 
035 |a RU\TPU\book\221686 
090 |a 203433 
100 |a 20111107d1995 k y0rusy50 ca 
101 0 |a rus 
102 |a RU 
200 1 |a Использование природных соединений редкоментальных элементов для производства высокотемпературной керамики  |f А. А. Поцелуев [и др.] 
463 1 |0 (RuTPU)RU\TPU\book\296  |t Редкоземельные металлы: переработка сырья, производство соединений и материалов на их основе  |o тезисы докладов  |v С. 198-200  |d 1995  |p 225 с. 
610 1 |a труды учёных ТПУ 
701 1 |a Поцелуев  |b А. А.  |c геолог  |c профессор Томского политехнического университета, доктор геолого-минералогических наук  |f 1952-  |g Анатолий Алексеевич  |2 stltpush  |3 (RuTPU)RU\TPU\pers\26071 
701 1 |a Рихванов  |b Л. П.  |c российский ученый, геолог  |c профессор Томского политехнического университета, доктор геолого-минералогических наук  |c заслуженный геолог РФ  |c почетный работник высшего образования РФ  |f 1945-  |g Леонид Петрович  |2 stltpush  |3 (RuTPU)RU\TPU\pers\23187 
701 1 |a Советов  |b В. М. 
701 1 |a Добрикова  |b Г. В. 
801 1 |a RU  |b 63413507  |c 20100313 
801 2 |a RU  |b 63413507  |c 20150902  |g RCR 
942 |c BK